| 000 | 00483nam a2200169 a 4500 | ||
|---|---|---|---|
| 001 | 0664 | ||
| 005 | 20140414132037.0 | ||
| 008 | 040915s19uu xx 00 eng d | ||
| 020 | _a0-590-47905-9 | ||
| 050 |
_aTR _bFr87 2007 |
||
| 100 | _aMoore, Julianne | ||
| 245 |
_aFreckleface strawberry / _cWritten and illustrated by Bruce McMillan. |
||
| 260 |
_aNew York : _bScholastic, _c2007. |
||
| 500 | _aEnglish and Spanish | ||
| 650 |
_aSenses _xJuvenile literature. |
||
| 999 |
_c113748 _d113748 |
||